[Event "Oceania Zonal"]
[Site "Rotorua NZL"]
[Date "2011.01.26"]
[Round "2.1"]
[White "Lukey,S"]
[Black "Zhao Zong Yuan"]
[Result "0-1"]
[WhiteElo "2244"]
[BlackElo "2586"]

1.d4 Nf6 2.c4 e6 3.Nf3 Bb4+ 4.Bd2 Qe7 5.g3 Nc6 6.Bg2 Bxd2+ 7.Nbxd2 d6 8.O-O a5
9.e4 e5 10.d5 Nb8 11.Ne1 h5 12.h3 h4 13.g4 Nbd7 14.Nd3 b6 15.Qc2 Nc5 16.b3 O-O
17.Nb2 Nh7 18.a3 g6 19.b4 Nd7 20.Nd3 Ng5 21.c5 bxc5 22.bxc5 Ba6 23.c6 Bxd3
24.Qxd3 Nc5 25.Qe3 a4 26.Rab1 f6 27.Rb4 Rae8 28.Rfb1 Kg7 29.Kh1 Rf7 30.Rb7 Qd8
31.R1b5 Ref8 32.Nc4 Re7 33.Rxc5 dxc5 34.Qxc5 Nf7 35.Qb4 Nd6 36.Nxd6 cxd6
37.Rxe7+ Qxe7 38.Qb6 Rf7 39.Bf1 Qa7 40.Qxa7 Rxa7 41.Kg2 Ra5 42.Kf3 Rc5 43.Ke3 Kf7
44.Kd2 Ke7 45.Bd3 Kd8 46.Bc2 Kc7 47.Bd3 Kb6 48.Be2 f5 49.f3 fxe4 50.fxe4 g5
51.Bd3 Ra5 52.Ke3 Ra8 53.Be2 Kc5 54.Bd1 Kc4 55.Kd2 Kd4  0-1

[Event "Moscow Open E"]
[Site "Moscow RUS"]
[Date "2011.01.30"]
[Round "2"]
[White "Kotov,Al2"]
[Black "Bocharov,D"]
[Result "0-1"]
[WhiteElo "2254"]
[BlackElo "2605"]

1.d4 Nf6 2.c4 e6 3.Nf3 Bb4+ 4.Bd2 Qe7 5.g3 Nc6 6.Bg2 Bxd2+ 7.Nbxd2 d6 8.O-O a5
9.Qc2 O-O 10.b3 e5 11.e3 Bg4 12.d5 Nb8 13.h3 Bd7 14.a3 c6 15.dxc6 Bxc6 16.b4 Nbd7
17.Rfc1 Rfc8 18.Qb2 h6 19.Nh4 Qe6 20.e4 axb4 21.axb4 b5 22.cxb5 Bxb5 23.Nf5 Nb6
24.Ne3 Rxa1 25.Rxa1 Na4 26.Qa2 Nc3 27.Qxe6 fxe6 28.Ra7 Ne2+ 29.Kh2 Nd4 30.Bf1 Bxf1
31.Nexf1 Rc2 32.Kg2 d5 33.Ra5  0-1

[Event "Gibraltar Masters"]
[Site "Caleta ENG"]
[Date "2011.02.01"]
[Round "8.3"]
[White "Fridman,D"]
[Black "Melia,S"]
[Result "1/2-1/2"]
[WhiteElo "2655"]
[BlackElo "2449"]

1.d4 Nf6 2.c4 e6 3.Nf3 Bb4+ 4.Bd2 Bxd2+ 5.Nbxd2 d6 6.g3 O-O 7.Bg2 Re8 8.O-O e5
9.Qc2 h6 10.dxe5 dxe5 11.Nh4 c6 12.Rad1 Qe7 13.Ne4 Nxe4 14.Bxe4 Na6 15.Rd2 Nc5
16.Rfd1 a5 17.Bh7+ Kh8 18.Bf5 e4 19.Bxc8 Rexc8 20.Nf5 Qe5 21.Nd6 Rc7 22.Rd4 Re7
23.Qc3 Kg8 24.Qa3 Rd8 25.Nf5 Rxd4 26.Nxe7+ Kh7 27.Rxd4 Qxd4 28.Qxa5 e3 29.Nf5 exf2+
30.Kf1 Qxc4 31.Ne3 Qc1+ 32.Kxf2 Ne4+ 33.Kg2 Qxe3 34.Qf5+ Kg8 35.Qc8+  1/2-1/2

[Event "Moscow Open E"]
[Site "Moscow RUS"]
[Date "2011.02.02"]
[Round "5"]
[White "Ulko,J"]
[Black "Filippov,An UZB"]
[Result "1/2-1/2"]
[WhiteElo "2458"]
[BlackElo "2604"]

1.d4 Nf6 2.c4 e6 3.Nf3 Bb4+ 4.Bd2 Qe7 5.g3 Nc6 6.Nc3 Bxc3 7.Bxc3 Ne4 8.Rc1 Nxc3
9.Rxc3 d6 10.d5 Nb8 11.Bg2 O-O 12.dxe6 fxe6 13.Nd4 c6 14.O-O e5 15.Nc2 Nd7
16.Qd2 Nf6 17.Rd1 Ne8 18.b4 Be6 19.e4 a5 20.Qc1  1/2-1/2

[Event "Gibraltar Masters"]
[Site "Caleta ENG"]
[Date "2011.02.03"]
[Round "10.91"]
[White "Kuenitz,K"]
[Black "Costello,C"]
[Result "1/2-1/2"]
[WhiteElo "1695"]
[BlackElo "1975"]

1.d4 Nf6 2.c4 e6 3.Nf3 Bb4+ 4.Bd2 Be7 5.Nc3 d5 6.cxd5 exd5 7.Bg5 O-O 8.e3 c6
9.Bd3 Nbd7 10.Qc2 Re8 11.O-O Nf8 12.Rab1 Ne4 13.Bxe7 Qxe7 14.b4 a6 15.a4 Ng6
16.b5 axb5 17.axb5 Bg4 18.Nd2 Nxd2 19.Qxd2 Qg5 20.bxc6 bxc6 21.Bxg6 Bf3 22.Bxh7+ Kxh7
23.g3 Qg4 24.Rfc1 Ra3 25.Qe1 Rxc3 26.Rxc3 Be4 27.Qd1 Qh3 28.f3 Bxb1 29.Qxb1+ g6
30.Qb7 Qe6 31.Kg2 Kg7 32.Qxc6 Rb8 33.Qxe6 Rb2+ 34.Kg1 fxe6 35.h4 Kf6 36.Kf1 Kf5
37.Rc1 Rh2 38.Re1 e5 39.Kg1 Rd2 40.g4+ Kf6 41.dxe5+ Kxe5 42.h5 gxh5 43.gxh5 Kf6
44.e4 dxe4 45.Rxe4 Kg5 46.h6 Kxh6 47.Rg4 Kh5 48.Rg8 Kh4 49.Rg4+ Kh5 50.Kf1 Ra2
51.Re4 Kg5 52.Re2 Ra4 53.Kf2 Kf4 54.Re4+  1/2-1/2

[Event "Gibraltar Masters"]
[Site "Caleta ENG"]
[Date "2011.02.03"]
[Round "10.52"]
[White "Peek,Mar"]
[Black "Daumen,M"]
[Result "0-1"]
[WhiteElo "2342"]
[BlackElo "2130"]

1.d4 Nf6 2.c4 e6 3.Nf3 Bb4+ 4.Bd2 Qe7 5.g3 Nc6 6.Nc3 O-O 7.Bg2 d6 8.O-O a5
9.a3 Bxc3 10.Bxc3 a4 11.Qc2 Re8 12.d5 Nb8 13.dxe6 Qxe6 14.Rac1 Nbd7 15.e3 Nc5
16.Nd2 Nfe4 17.Nxe4 Nxe4 18.Rcd1 Bd7 19.Rd4 Bc6 20.f3 Nxc3 21.Qxc3 Qxe3+
22.Qxe3 Rxe3 23.f4 Bxg2 24.Kxg2 Rb3 25.Rf2 Kf8 26.f5 f6 27.Re4 Re8 28.Rh4 Re1
29.Rd4 Rb1 30.Rdd2 Ke7 31.Rfe2+ Kd7 32.c5 Kc6 33.cxd6 cxd6 34.Kh3 b5 35.Re6 R3xb2
36.Rdxd6+ Kc5 37.Rc6+ Kd4 38.Red6+ Ke5 39.Kg4 Rxh2 40.Re6+ Kd4 41.Red6+ Ke3
42.Re6+ Kd2 43.Red6+ Ke1 44.Re6+ Kd1 45.Rc7 b4 46.Ra6 b3 47.Rxa4 b2 48.Rd4+ Rd2
49.Rb4 Ra1 50.Rcb7 Kc1 51.Rc7+ Kb1 52.Rxg7 Ka2 53.Rxh7 Rg2 54.Rf7 Rag1 55.Rxb2+ Kxb2
56.Rxf6 Rxg3+ 57.Kf4 Kxa3 58.Rb6 R3g2 59.Ke5 Rf2 60.Ke6 Re1+ 61.Kf6 Ref1
62.Rb5 Ka4 63.Re5 Kb4 64.Rd5 Kc4 65.Ra5 Kb4 66.Rd5 Rf4 67.Kg5 R1f3 68.Re5 Kc4
69.Ra5 Kd4 70.Kf6 Ke4 71.Re5+ Kd3 72.Ke6 Kd4 73.Rd5+ Ke3 74.Kf6 Kf2 75.Kg5 Kg3
76.Ra5 Rg4+ 77.Kf6 Rb4 78.Kg6 Rb6+ 79.Kg5 Rb8 80.Ra6 Rg8+ 81.Rg6 Rf8 82.f6 Kf2
83.Rh6 Ke3  0-1

[Event "TCh-CAT Div Hon"]
[Site "Barcelona ESP"]
[Date "2011.02.05"]
[Round "2"]
[White "Lopez Agustench,E"]
[Black "Ayas Fernandez,A"]
[Result "1-0"]
[WhiteElo "2255"]
[BlackElo "2343"]

1.d4 Nf6 2.Nf3 e6 3.c4 Bb4+ 4.Bd2 Qe7 5.g3 Nc6 6.Bg2 Bxd2+ 7.Nbxd2 O-O 8.O-O d6
9.e4 e5 10.d5 Nb8 11.b4 a5 12.a3 Na6 13.Qb3 axb4 14.axb4 Bd7 15.Ne1 Nc5 16.Qb1 Na4
17.Qc2 b5 18.Nd3 c5 19.Rfb1 cxb4 20.Rxb4 Rfc8 21.h3 g6 22.Ra3 Kg7 23.Qb1 bxc4
24.Nxc4 Nc5 25.Rxa8 Rxa8 26.Nxc5 dxc5 27.Rb7 Ra4 28.Qb3 Rb4 29.Rxb4 cxb4
30.d6 Qe6 31.Qxb4 Ne8 32.Qc5 f6 33.f4 exf4 34.gxf4 h6 35.e5 g5 36.exf6+ Nxf6
37.fxg5 Qe1+ 38.Kh2 hxg5 39.Qxg5+ Kf7 40.Ne5+ Ke6 41.Nf3 Qa1 42.Qc5 Ne4 43.Nd4+  1-0

[Event "TCh-BEL 2010-11"]
[Site "Hauset BEL"]
[Date "2011.02.06"]
[Round "8.4"]
[White "De Haan,E"]
[Black "Sielecki,C"]
[Result "1/2-1/2"]
[WhiteElo "2330"]
[BlackElo "2397"]

1.d4 Nf6 2.c4 e6 3.Nf3 Bb4+ 4.Bd2 Bxd2+ 5.Qxd2 O-O 6.g3 d5 7.Bg2 Nbd7 8.O-O dxc4
9.Na3 e5 10.dxe5 Nxe5 11.Qxd8 Nxf3+ 12.Bxf3  1/2-1/2

[Event "ch-TUR"]
[Site "Kemer-Antalya TUR"]
[Date "2011.02.06"]
[Round "2"]
[White "Buker,M"]
[Black "Guven,B"]
[Result "1-0"]
[WhiteElo "2087"]
[BlackElo "1809"]

1.d4 Nf6 2.c4 e6 3.Nf3 Bb4+ 4.Bd2 Qe7 5.Qc2 Nc6 6.e4 Bxd2+ 7.Nbxd2 e5 8.d5 Nb8
9.c5 O-O 10.Rc1 d6 11.cxd6 cxd6 12.Qxc8 Rxc8 13.Rxc8+ Ne8 14.Bb5 Nd7 15.Rxa8 a6
16.Bxd7 Qxd7 17.O-O g6 18.Rc1 Kg7 19.Rac8 h6 20.h3 Kf6 21.b3 g5 22.a4 h5
23.Rb8 Ng7 24.Rcc8 b5 25.a5 g4 26.hxg4 hxg4 27.Nh4 g3 28.fxg3 Qg4 29.Kh2 Nh5
30.Rg8 Qe2 31.g4 Qxd2 32.g5+ Ke7 33.Rb7+  1-0

[Event "ch-TUR"]
[Site "Kemer-Antalya TUR"]
[Date "2011.02.06"]
[Round "3"]
[White "Kavacik,A"]
[Black "Yelken,Mustafa"]
[Result "0-1"]
[WhiteElo "1865"]
[BlackElo "2025"]

1.d4 Nf6 2.c4 e6 3.Nf3 Bb4+ 4.Bd2 Qe7 5.g3 O-O 6.Bg2 a5 7.Nc3 d6 8.O-O e5
9.a3 Bxc3 10.Bxc3 Nbd7 11.Qc2 Re8 12.e3 e4 13.Nd2 Nf8 14.b4 a4 15.d5 Bf5
16.Qb2 N8d7 17.Rac1 Qf8 18.h3 Ne5 19.Bxe5 Rxe5 20.Rfd1 Qc8 21.Kh2 Bxh3 22.Rh1 Ng4+
23.Kg1 Bxg2 24.Kxg2 Qf5 25.Rcf1 b5 26.Qc2 Rae8 27.cxb5 Rxd5 28.Rh4 h5 29.Qc6 Rf8
30.Qc2 Rd3 31.Qc1 Re8 32.Qc6 Re6 33.Qa8+ Kh7 34.Rxh5+ Qxh5 35.Rh1 Qxh1+ 36.Kxh1 Nxf2+
37.Kg1 Rxd2 38.Qc6 Ng4 39.Qxc7 Nxe3  0-1

[Event "ch-TUR"]
[Site "Kemer-Antalya TUR"]
[Date "2011.02.11"]
[Round "8"]
[White "Sadik,Resat"]
[Black "Guven,B"]
[Result "0-1"]
[WhiteElo "1981"]
[BlackElo "1809"]

1.d4 Nf6 2.c4 e6 3.Nf3 Bb4+ 4.Bd2 Qe7 5.Qc2 Bxd2+ 6.Nbxd2 d6 7.e4 e5 8.Be2 O-O
9.d5 Nbd7 10.b4 a5 11.bxa5 Nc5 12.O-O Bd7 13.Ne1 Rxa5 14.f3 Nh5 15.Nb3 Nxb3
16.Qxb3 Nf4 17.Qb2 Qg5 18.Bd1 b6 19.Kh1 h5 20.g3 Ng6 21.Qf2 Bh3 22.Ng2 Ra3
23.Bb3 f5 24.exf5 Bxf5 25.h4 Qf6 26.Qb2 Raa8 27.Kh2 Bd3 28.Rf2 e4 29.Qxf6 Rxf6
30.f4 Ne5 31.Ne3 Nf3+ 32.Kg2 Nd4 33.Re1 Nxb3 34.axb3 Ra3 35.Rb2 Rf8 36.Nd1 Rfa8
37.Nf2 Ra2 38.Nxd3 exd3 39.Rb1 d2 40.Rxa2 Rxa2 41.Rd1 Rb2 42.Kf2 Kf7 43.g4 hxg4
44.Kg3 Rxb3+ 45.Kxg4 Rd3 46.Kf5 b5 47.cxb5 Rxd5+ 48.Ke4 Rxb5 49.Rxd2 Rc5
50.Rh2 g6 51.Rf2 c6 52.Ra2 Kf6 53.Ra8 d5+ 54.Kf3 Rc3+ 55.Kg4 d4 56.Rd8 c5
57.Rd6+ Kg7 58.h5 gxh5+ 59.Kxh5 d3 60.Kg5 c4 61.f5 Rc1 62.Rd7+ Kf8 63.Kf6 Ke8
64.Rd4 Re1 65.Kg7 Rg1+ 66.Kf6 c3 67.Rxd3 c2 68.Re3+ Kf8 69.Rd3 Kg8 70.Rd8+ Kh7
71.Rd7+ Kh8 72.Rd8+ Rg8 73.Rd2 Rc8 74.Kf7 Rc7+ 75.Kg6 Rg7+ 76.Kf6 c1=Q 77.Rh2+ Kg8
78.Re2 Qg5+  0-1

[Event "G-TEAM Open"]
[Site "Novy Bor CZE"]
[Date "2011.02.13"]
[Round "2"]
[White "Simon,Petr"]
[Black "Baciu,D"]
[Result "0-1"]
[WhiteElo "1776"]
[BlackElo "2131"]

1.d4 Nf6 2.Nf3 e6 3.c4 Bb4+ 4.Bd2 Qe7 5.Nc3 O-O 6.Qc2 b6 7.e4 Bb7 8.Bd3 e5
9.d5 d6 10.a3 Bxc3 11.Qxc3 a5 12.b4 Nh5 13.O-O Nd7 14.Qb2 Nf4 15.Bxf4 exf4
16.Rfe1 Rfe8 17.g3 fxg3 18.hxg3 Nf8 19.Kg2 Bc8 20.e5 Bg4 21.exd6 Qxd6 22.Ne5 Bh5
23.Nc6 a4 24.Qd4 f6 25.Re3 Rxe3 26.Qxe3 Re8 27.Qd2 Bf7 28.Nd4 g6 29.Nf3 c6
30.dxc6 Qxc6 31.Rc1 g5 32.g4 h5 33.Kg3 Qd6+ 34.Kg2 Qc6 35.Kg3 hxg4 36.Nxg5 fxg5
37.Qxg5+ Bg6 38.Bxg6 Qxg6 39.Qd5+ Ne6 40.Rh1 Rd8 41.Qe5 Qd3+ 42.Kh2 Qh3+  0-1

[Event "ch-ROU Women"]
[Site "Sarata Monteoru ROU"]
[Date "2011.02.14"]
[Round "3.3"]
[White "Foisor,M"]
[Black "Bulmaga,I"]
[Result "0-1"]
[WhiteElo "2193"]
[BlackElo "2260"]

1.d4 Nf6 2.c4 e6 3.Nf3 Bb4+ 4.Bd2 Qe7 5.g3 O-O 6.Bg2 Bxd2+ 7.Qxd2 d6 8.Nc3 e5
9.O-O c6 10.dxe5 dxe5 11.Qc2 Nbd7 12.a3 a5 13.Rab1 h6 14.Nd2 Nc5 15.b4 Ne6
16.Qb2 h5 17.c5 axb4 18.axb4 h4 19.Nc4 Ng5 20.Nb6 Rb8 21.Nxc8 Rbxc8 22.Qb3 h3
23.Bh1 e4 24.Qc4 Rfd8 25.Rfd1 Rxd1+ 26.Rxd1 Rd8 27.Rd4 Ne6 28.Rd1 Rxd1+ 29.Nxd1 Qd7
30.Qc1 Qd4 31.Qb1 Qd2 32.Ne3 Qxe2 33.Qd1 Qxd1+ 34.Nxd1 Nd5 35.Bxe4 Nxb4 36.Nc3 g6
37.Na4 Na6 38.Bf3 f5 39.g4 Naxc5 40.Nb6 Nd4 41.Bd1 f4 42.f3 Nd3 43.Kf1 Ne5
44.Kf2 Kf7 45.Na4 Nd3+ 46.Kf1 b5  0-1

[Event "ch-ROU Men"]
[Site "Sarata Monteoru ROU"]
[Date "2011.02.14"]
[Round "4.23"]
[White "Mosnegutu,K"]
[Black "Sava,B"]
[Result "1/2-1/2"]
[WhiteElo "2271"]
[BlackElo "2153"]

1.d4 Nf6 2.c4 e6 3.Nf3 Bb4+ 4.Bd2 a5 5.g3 b6 6.Bg2 Bb7 7.O-O O-O 8.a3 Be7
9.Nc3 Ne4 10.Nxe4 Bxe4 11.b4 d6 12.Bc3 Nd7 13.Nd2 Bxg2 14.Kxg2 axb4 15.axb4 Rxa1
16.Qxa1 Qa8+ 17.f3 f5 18.Qb2 Qb7 19.Ra1 Ra8 20.Ra3 Nf6 21.Qa2 Rxa3 22.Qxa3 b5
23.c5 Nd5 24.e4 fxe4 25.Nxe4 Ne3+ 26.Kf2 Nc4 27.Qa2 Kf7 28.Nd2 Qd5 29.Nxc4 bxc4
30.cxd6 Bxd6 31.Qa5 c6 32.Qa7+ Kg6 33.Qa8 h6 34.Qe8+ Kh7 35.Qf7 Bb8 36.h4 Qd6
37.f4 Qd5 38.h5 Qe4 39.Kg1 Qd3 40.Kh2 Qe2+ 41.Kh3 Qf1+ 42.Kh2 Qf2+ 43.Kh3 Qf1+
44.Kh2 Qf2+ 45.Kh3 Qf1+  1/2-1/2

[Event "ch-St Petersburg S/F 2011"]
[Site "St Petersburg RUS"]
[Date "2011.02.15"]
[Round "5.11"]
[White "Pischikov,V"]
[Black "Sichinava,Z"]
[Result "1-0"]
[WhiteElo "2092"]
[BlackElo "2340"]

1.d4 e6 2.c4 Nf6 3.Nf3 Bb4+ 4.Bd2 Qe7 5.g3 d5 6.Bg2 O-O 7.a3 Bxd2+ 8.Nbxd2 c5
9.dxc5 Qxc5 10.cxd5 exd5 11.O-O Nc6 12.Rc1 Qb6 13.Qb3 Qa6 14.e3 Bf5 15.Nd4 Bd3
16.Nxc6 bxc6 17.Rfe1 Ne4 18.Nxe4 dxe4 19.Qc3 Rab8 20.b4 f5 21.Qb3+ Kh8 22.Rc5 Rf6
23.Rec1 Rd8 24.Bh3 g6 25.Qc3 Rd6 26.Re5 Kg7 27.Re7+ Kh6 28.Qb3 Rf8 29.Qb2 Rdf6
30.Qe5 Qxa3 31.Ra1 Qb3 32.Bxf5 Rxf5 33.Qg7+ Kg5 34.Qxh7 Kg4 35.Qh4+ Kf3 36.g4 Qc3
37.Rexa7 Rd5 38.Qh3+ Ke2 39.Qf1+ Kf3 40.Qg2+ Ke2 41.f4+  1-0

[Event "G-TEAM Open"]
[Site "Novy Bor CZE"]
[Date "2011.02.16"]
[Round "5"]
[White "Drabek,M"]
[Black "Mickiewicz,P"]
[Result "0-1"]
[WhiteElo "2024"]
[BlackElo "2344"]

1.d4 Nf6 2.Nf3 e6 3.c4 Bb4+ 4.Bd2 Qe7 5.g3 O-O 6.Bg2 Bxd2+ 7.Qxd2 d6 8.Nc3 e5
9.O-O Re8 10.e3 e4 11.Ng5 Bf5 12.Qc2 h6 13.Nh3 Nbd7 14.Nf4 c6 15.Rae1 g5
16.Nfe2 Qe6 17.b3 d5 18.cxd5 cxd5 19.Rc1 Rac8 20.Qd2 Bh3 21.Kh1 Nf8 22.Na4 b6
23.Rxc8 Rxc8 24.Rc1 Ng4 25.Rf1 Bxg2+ 26.Kxg2 Qf5 27.Ng1 h5 28.h3 Nf6 29.Rc1 Ng6
30.Rxc8+ Qxc8 31.Nc3 h4 32.Nce2 g4 33.Nf4 Nxf4+ 34.exf4 gxh3+ 35.Nxh3 Qg4
36.Ng1 Nh5 37.Qe3 f6 38.Ne2 hxg3 39.fxg3 Ng7 40.Nc3 Nf5 41.Qf2 e3 42.Qe1 Nh4+  0-1

[Event "16th Lienz-Open 2011"]
[Site "Lienz AUT"]
[Date "2011.02.19"]
[Round "9"]
[White "Ebner,Joh"]
[Black "Borsos,B"]
[Result "0-1"]
[WhiteElo "2073"]
[BlackElo "2298"]

1.d4 Nf6 2.c4 e6 3.Nf3 Bb4+ 4.Bd2 Qe7 5.Nc3 b6 6.g3 Bb7 7.Bg2 O-O 8.O-O d6
9.a3 Bxc3 10.Bxc3 Ne4 11.Rc1 Nd7 12.Nd2 Nxd2 13.Qxd2 Bxg2 14.Kxg2 f5 15.e3 Nf6
16.f3 a5 17.b4 axb4 18.axb4 b5 19.cxb5 Qd7 20.Qd3 Rab8 21.Bd2 Rb6 22.Rc2 Rfb8
23.Rfc1 Ne8 24.h4 Qxb5 25.Qxb5 Rxb5 26.Rc6 Ra8 27.R1c2 Kf7 28.Kf2 Ke7 29.e4 Kd7
30.g4 fxe4 31.fxe4 Ra3 32.R6c3 Rxc3 33.Rxc3 h5 34.g5 d5 35.Rc5 Nd6 36.Rxb5 Nxb5
37.Ke3 Nd6 38.exd5 exd5 39.Kf4 Ke6 40.Be1 Nf5 41.Bf2 Ne7 42.Be1 Nc6 43.Ke3 Kf5
44.Bg3 Nxb4 45.Bxc7 Nc2+ 46.Kd3 Ne1+ 47.Ke2 Ng2 48.Kf2 Nxh4 49.Kg3 Ng6 50.Bd8 Nf8
51.Kh4 Ne6 52.Be7 g6 53.Bf6 Ke4  0-1

[Event "ch-ROU Women"]
[Site "Sarata Monteoru ROU"]
[Date "2011.02.19"]
[Round "8.8"]
[White "L'Ami,Alina"]
[Black "Gelip,I"]
[Result "1-0"]
[WhiteElo "2331"]
[BlackElo "1952"]

1.d4 Nf6 2.c4 e6 3.Nf3 Bb4+ 4.Bd2 Qe7 5.g3 Bxd2+ 6.Qxd2 Ne4 7.Qc2 Qb4+ 8.Nbd2 Nxd2
9.Nxd2 Nc6 10.e3 b6 11.Bg2 Bb7 12.O-O O-O 13.d5 Ne5 14.a3 Qd6 15.Ne4 Qe7
16.f4 exd5 17.cxd5 Ng4 18.Rfe1 f5 19.Nd2 Qc5 20.Qb3 Kh8 21.Rac1 Qd6 22.Nc4 Qh6
23.h3 Nf6 24.Ne5 d6 25.Rxc7 Bxd5 26.Bxd5 Nxd5 27.Nf7+ Rxf7 28.Rxf7 Qxh3 29.Qxd5 Qxg3+
30.Kf1  1-0

[Event "TCh-SVK Extraliga 2010-11"]
[Site "Slovakia SVK"]
[Date "2011.02.19"]
[Round "5.4"]
[White "Berezjuk,S"]
[Black "Rachela,M"]
[Result "1-0"]
[WhiteElo "2379"]
[BlackElo "2395"]

1.d4 Nf6 2.c4 e6 3.Nf3 Bb4+ 4.Bd2 c5 5.Bxb4 cxb4 6.g3 Nc6 7.Bg2 d6 8.d5 exd5
9.cxd5 Ne7 10.Qa4+ Bd7 11.Qxb4 O-O 12.O-O Nexd5 13.Qxd6 Re8 14.Nd4 Bg4 15.Qxd8 Raxd8
16.e3 Ne4 17.Na3 Ng5 18.h4 Ne6 19.Nab5 Nb4 20.Bxb7 a6 21.Nxe6 fxe6 22.Nd4 e5
23.Nb3 Rb8 24.Be4 Rb6 25.Nc5 Nc6 26.Na4 Reb8 27.Nxb6 Rxb6 28.Rac1 Ne7 29.Rc7 Kf7
30.Rb7  1-0

[Event "61st ch-RUS w 1st League"]
[Site "Ivanovo RUS"]
[Date "2011.02.21"]
[Round "1"]
[White "Baraeva,M"]
[Black "Rashitova,G"]
[Result "1-0"]
[WhiteElo "2152"]
[BlackElo "1828"]

1.d4 Nf6 2.c4 e6 3.Nf3 Bb4+ 4.Bd2 Bxd2+ 5.Nbxd2 d5 6.e3 Nbd7 7.Bd3 O-O 8.O-O Re8
9.Qc2 h6 10.Rac1 e5 11.dxe5 Nxe5 12.Nxe5 Rxe5 13.Nf3 Re8 14.cxd5 Qxd5 15.Bc4 Qh5
16.Rfd1 Bg4 17.Be2 c6 18.Qb3 Rab8 19.Qa3 a6 20.Rc5 Nd5 21.h3 Bd7 22.Qa4 b6
23.Rcxd5 cxd5 24.Qxd7 Red8 25.Qa4 a5 26.Nd4 Qh4 27.g3 Qf6 28.Nc6 Qxb2 29.Bb5 Rbc8
30.Nxd8 Rxd8 31.Qb3  1-0

[Event "61st ch-RUS w 1st League"]
[Site "Ivanovo RUS"]
[Date "2011.02.21"]
[Round "1"]
[White "Baraeva,I"]
[Black "Sysoykina,L"]
[Result "1-0"]
[WhiteElo "2201"]
[BlackElo "1943"]

1.d4 Nf6 2.Nf3 e6 3.c4 Bb4+ 4.Bd2 c5 5.Bxb4 cxb4 6.g3 b6 7.Bg2 Bb7 8.O-O O-O
9.a3 bxa3 10.Nxa3 a5 11.Qb3 Bc6 12.Rfd1 Na6 13.Nb5 d6 14.Nc3 Rc8 15.d5 exd5
16.cxd5 Nc5 17.Qa3 Bb7 18.Nd4 Re8 19.Rab1 Nce4 20.Nf5 Rc5 21.Nxe4 Nxe4 22.Qa4 Nf6
23.Qf4 Rxe2 24.Nxd6 Ba6 25.Bf1 Qd7 26.Bxe2 Bxe2 27.Rd2 Bg4 28.Nc4  1-0

[Event "31st TCh-IND 2011"]
[Site "Kochi IND"]
[Date "2011.02.22"]
[Round "1"]
[White "Gokhale,C"]
[Black "Rajesh,KumarNat"]
[Result "1-0"]
[WhiteElo "2289"]
[BlackElo "1886"]

1.d4 Nf6 2.Nf3 e6 3.c4 Bb4+ 4.Bd2 Be7 5.g3 d5 6.Bg2 Ne4 7.O-O Nxd2 8.Nbxd2 Nd7
9.Qb3 Nf6 10.Ne5 O-O 11.Rfd1 c6 12.e3 Rb8 13.Nxc6 bxc6 14.Qxb8 Qd7 15.Qb3 Bd6
16.e4 Bc7 17.Qa4 Bb8 18.e5 Ne8 19.Nb3 Qc7 20.Rac1 Qb6 21.cxd5 exd5 22.Qxc6 Qxc6
23.Rxc6 Bb7 24.Rc5 Nc7 25.Na5 Ba6 26.Nc6 Ne6 27.Ra5 Bb7 28.Bxd5 Bxc6 29.Bxc6 Rd8
30.Rd5 Rf8 31.Rd7 g6 32.Bd5 Rc8 33.Bxe6 fxe6 34.f4 Re8 35.Rc1 Kh8 36.Rc3 Kg8
37.Rb7 Kh8 38.Rcc7  1-0

[Event "Elitzur Winter GM"]
[Site "Petach Tikva ISR"]
[Date "2011.02.23"]
[Round "1"]
[White "Popilski,G"]
[Black "Axelrod,A"]
[Result "1-0"]
[WhiteElo "2381"]
[BlackElo "2403"]

1.d4 Nf6 2.c4 e6 3.Nf3 Bb4+ 4.Bd2 Bxd2+ 5.Nbxd2 d5 6.g3 O-O 7.Bg2 b6 8.Qc2 Bb7
9.cxd5 exd5 10.O-O Na6 11.Ne5 c5 12.e3 Qe7 13.b3 Rfd8 14.Rac1 Rac8 15.Qb2 Ne4
16.Rfd1 f6 17.Nd3 Re8 18.Nxe4 dxe4 19.Nf4 Rcd8 20.Bf1 cxd4 21.Rxd4 Nc5 22.Bb5 Rxd4
23.Qxd4 Rd8 24.Qc4+ Kh8 25.b4 Nd3 26.Qc7 Qxc7 27.Rxc7 Nxf4 28.Rxb7 Nd3 29.Rxa7 Nxb4
30.Ra4 Nc2 31.Rxe4 g5 32.Kf1 Rd1+ 33.Ke2 Rb1 34.a4 Rb2 35.Kf1 Rb1+ 36.Ke2 Rb2
37.Re8+ Kg7 38.Kf1 Rb1+ 39.Ke2 Rb2 40.Re7+ Kf8 41.Rxh7 Nd4+ 42.Kf1 Nxb5 43.axb5 Rxb5
44.Kg2 Rb2 45.h4 gxh4 46.gxh4 Kg8 47.Rd7 b5 48.Rb7 b4 49.Kg3 b3 50.e4 Kh8
51.h5 Kg8 52.f3 Rb1 53.Kf4 b2 54.Kf5 Rf1 55.Rxb2 Rxf3+ 56.Kg6 Kf8 57.h6 Ke7
58.Rg2 Kf8 59.h7 Rh3 60.Rb2 Rg3+ 61.Kxf6 Rf3+ 62.Ke6 Kg7 63.Rb7+ Kh8 64.e5 Ra3
65.Kf5 Rf3+ 66.Ke4 Rf1 67.e6 Re1+ 68.Kd5 Rd1+ 69.Kc6 Rc1+ 70.Kd7 Rd1+ 71.Ke8 Re1
72.e7 Re3 73.Rd7  1-0

[Event "61st ch-RUS w 1st League"]
[Site "Ivanovo RUS"]
[Date "2011.02.24"]
[Round "4"]
[White "Smirnova,An"]
[Black "Aseeva,A"]
[Result "0-1"]
[WhiteElo "2021"]
[BlackElo "1807"]

1.Nf3 Nf6 2.c4 e6 3.d4 Bb4+ 4.Bd2 Qe7 5.a3 Bxd2+ 6.Qxd2 d5 7.Nc3 O-O 8.e3 Rd8
9.cxd5 exd5 10.Bd3 Nbd7 11.b4 b6 12.O-O c5 13.b5 Bb7 14.Qb2 Ne4 15.Nd2 f5
16.Ndxe4 fxe4 17.Be2 Rf8 18.Qd2 Nf6 19.a4 a5 20.bxa6 Bxa6 21.Bxa6 Rxa6 22.dxc5 Qxc5
23.Rfc1 Qd6 24.h3 Ra5 25.Nb5 Qe5 26.Nd4 Qe8 27.Qb4 Nd7 28.Rc6 Rc5 29.Rc1 Qf7
30.Qd2 Rxc1+ 31.Rxc1 Nc5 32.f4 exf3 33.Nxf3 Nb3 34.Qc3 Nxc1 35.Qxc1 Qe8 36.Qd2 Qe4
37.Kf2 Rc8 38.Nd4 Qh4+ 39.Kg1 Re8 40.Nf3 Qc4 41.Kf2 Kh8 42.Qb2 Qxa4 43.Qxb6 Qc2+
44.Kg1 Qe4 45.Kf2 Qe6 46.Qd4 h6 47.Qd2 Qf5 48.Kg1 Rc8 49.Nd4 Qb1+ 50.Kh2 Ra8
51.Qf2 Qe4 52.Qf3 Qe5+ 53.Qg3 Qe4 54.Qf2 Re8 55.Nc2 Qe5+ 56.Qg3 Qc3 57.Qf2 Qb2
58.Qf5 Qe5+ 59.Qxe5 Rxe5 60.Kg3 g5 61.Kf3 Kg7 62.Nd4 h5 63.Nc2 Re4 64.g4 hxg4+
65.hxg4 Kf6 66.Nd4 Ke5 67.Nc6+ Kd6 68.Nd4 Rxd4 69.exd4 Kc6 70.Ke3 Kb5  0-1

[Event "26th MGU Open"]
[Site "Sofia BUL"]
[Date "2011.02.26"]
[Round "3.1"]
[White "Stoynov,S"]
[Black "Tsenov,Tsvetoslav"]
[Result "1-0"]
[WhiteElo "2110"]
[BlackElo "2155"]

1.d4 Nf6 2.c4 e6 3.Nf3 Bb4+ 4.Bd2 Qe7 5.a3 Bxd2+ 6.Nbxd2 d6 7.e4 e5 8.d5 a5
9.b3 O-O 10.Be2 Nbd7 11.O-O Nc5 12.Qc2 Nh5 13.g3 f5 14.Nh4 Nf4 15.Bf3 Nh3+
16.Kg2 f4 17.Nf5 Bxf5 18.exf5 Ng5 19.b4 axb4 20.axb4 Rxa1 21.Rxa1 Na6 22.Rb1 Qf6
23.Bg4 g6 24.gxf4 exf4 25.h4 Nf7 26.fxg6 Ne5 27.Be6+ Kh8 28.Nf3 Nxg6 29.Kh3 Kg7
30.h5 Ne5 31.Nh4 Qg5 32.h6+ Qxh6 33.f3 Nxf3 34.Qg2+ Ng5+ 35.Kg4 Qf6 36.Kh5 Qh6+
37.Kg4  1-0

[Event "1st Donetsk Masters"]
[Site "Donetsk UKR"]
[Date "2011.02.27"]
[Round "5"]
[White "Matjushin,O"]
[Black "Budnikov,O"]
[Result "1/2-1/2"]
[WhiteElo "2140"]
[BlackElo "2442"]

1.d4 Nf6 2.Nf3 e6 3.c4 Bb4+ 4.Bd2 Qe7 5.g3 Nc6 6.Nc3 d5 7.cxd5 exd5 8.Bg2 O-O
9.O-O Bg4 10.Bg5 Rad8 11.h3 Bh5 12.a3 Bxc3 13.bxc3 h6 14.Bf4 Ne4 15.Qb3 b6
16.a4 Rfe8 17.Ra2 Na5 18.Qa3 c5 19.g4 Bg6 20.Ne5 Nc4  1/2-1/2

[Event "Brunei IM1 2011"]
[Site "Bandar Seri Begawan BRU"]
[Date "2011.03.02"]
[Round "7"]
[White "Barbosa,O PHI"]
[Black "Nguyen Van Huy"]
[Result "1/2-1/2"]
[WhiteElo "2461"]
[BlackElo "2449"]

1.d4 Nf6 2.c4 e6 3.Nf3 Bb4+ 4.Bd2 Qe7 5.Qc2 Bxd2+ 6.Nbxd2 d6 7.e3 O-O 8.Rc1 c5
9.dxc5 dxc5 10.Bd3 Nbd7 11.O-O b6 12.Ne4 Bb7 13.Rcd1 Nxe4 14.Bxe4 Bxe4 15.Qxe4 Nf6
16.Qc2 Rfd8 17.h3 h6 18.a3 Rxd1 19.Rxd1 Rd8 20.Rxd8+ Qxd8 21.Qd2 Qxd2 22.Nxd2  1/2-1/2

[Event "Noteboom Memorial GpA"]
[Site "Leiden NED"]
[Date "2011.03.05"]
[Round "4"]
[White "Groffen,H"]
[Black "Ikonnikov,Vy"]
[Result "1/2-1/2"]
[WhiteElo "2188"]
[BlackElo "2569"]

1.d4 Nf6 2.c4 e6 3.Nf3 Bb4+ 4.Bd2 Qe7 5.g3 Nc6 6.Nc3 O-O 7.Bg2 d6 8.O-O a5
9.d5 Ne5 10.Nxe5 dxe5 11.a3 Bd6 12.dxe6 Qxe6 13.Nd5 Nxd5 14.Bxd5 Qe7 15.Qc2 c6
16.Bg2 a4 17.Be3 Bc5 18.Qc3 f6 19.Rfd1 Be6 20.Rac1 Rfd8 21.Rxd8+ Rxd8 22.Qa5 Bxe3
23.fxe3 Qd6 24.Qb6 Rd7 25.Kf2 f5 26.Rc3 e4 27.Qa5 h5 28.Qa8+ Kh7 29.Qxa4 g5
30.c5 Qe5 31.Rc1 Qxb2 32.Rd1 Rxd1 33.Qxd1 Qf6 34.Qd6 Kg6 35.Qc7 Qf7 36.Qb8 Qd7
37.Qf8 Bf7 38.Qh8 Qd5 39.Qf8 Qe5 40.a4 g4 41.h4 Bb3 42.Qd8 Qf6 43.Qa5 Qe7
44.Qb4 Bd5 45.Qd4 Qg7 46.Ke1 Qc7 47.Kf2 Qb8 48.a5 Kf7 49.Qb4 Qc7 50.Qc3 Ke7
51.Qg7+ Bf7 52.Qg5+ Ke6 53.Qh6+ Ke7 54.Qg5+ Ke6 55.Qh6+  1/2-1/2

[Event "TCh-NED"]
[Site "Netherlands NED"]
[Date "2011.03.12"]
[Round "7.4"]
[White "Siebrecht,S"]
[Black "Klyuner,V"]
[Result "1-0"]
[WhiteElo "2421"]
[BlackElo "2448"]

1.d4 Nf6 2.c4 e6 3.Nf3 Bb4+ 4.Bd2 Qe7 5.Qc2 Bxd2+ 6.Nbxd2 d6 7.e4 e5 8.Be2 O-O
9.O-O Bg4 10.Rfe1 Nbd7 11.Bf1 a5 12.b3 Rfe8 13.a3 g6 14.Qc3 Bxf3 15.Nxf3 exd4
16.Nxd4 Nxe4 17.Qc2 Ndc5 18.Rad1 Qf6 19.Nb5 c6 20.Nc7 Qc3 21.Qb1 Nd2 22.Rxd2 Rxe1
23.Qxe1 Rc8 24.Ne8 Ne4 25.Qxe4 Qxd2 26.Qe7 d5 27.Nf6+ Kg7 28.Qe5 Qc1 29.Nxd5+ Kh6
30.Ne3 f5 31.Qf4+  1-0

[Event "ch-FRA Rapid 2011"]
[Site "Nancy FRA"]
[Date "2011.03.13"]
[Round "8"]
[White "Kasimdzhanov,R"]
[Black "Turov,M"]
[Result "1/2-1/2"]
[WhiteElo "2687"]
[BlackElo "2635"]

1.d4 Nf6 2.c4 e6 3.Nf3 Bb4+ 4.Bd2 a5 5.g3 d6 6.Bg2 Nc6 7.O-O e5 8.d5 Ne7
9.Bxb4 axb4 10.Qd2 c5 11.dxc6 Nxc6 12.Rd1 Be6 13.b3 Ne4 14.Qe3 Nc5 15.Nbd2 O-O
16.Ne4 Nxe4 17.Qxe4 Qe7 18.Rd2 Rfd8 19.Rad1 Ra5 20.h4 h6 21.Qe3 Qc7 22.Kh2 Rd7
23.h5 Rd8 24.Nh4 Nd4 25.Qe4 d5 26.Qb1 dxc4 27.bxc4 Bxc4 28.e3 Ne6 29.Rxd8+ Nxd8
30.Qxb4 Rxa2 31.Rc1 b5 32.Qxb5 Bxb5 33.Rxc7 Rxf2 34.Rc8 Rd2 35.Nf3 Rd6 36.Nxe5 Kf8
37.Rb8 Ba4 38.Ra8 Bb5 39.Rb8 Ba4  1/2-1/2